Obras poéticas

Salvato in:
Dettagli Bibliografici
Autore principale: Espronceda, José de (Autore)
Natura: Libro
Lingua:spagnolo
Pubblicazione: París Librería de Garnier 1871
Soggetti:
Tags: Aggiungi Tag
Nessun Tag, puoi essere il primo ad aggiungerne!!

MARC

LEADER 00000nam a2200000 a 4500
001 UCT7357
003 CL-VaPUC
008 970117e18710000FR |||||||||||||||||spa|d
082 0 4 |a 861  |b ESP  |2 21 
100 0 |a Espronceda, José de  |e author  |9 321870 
245 1 0 |a Obras poéticas 
300 |a 448 p 
942 |c BK 
945 |d 19970117 00:00:00  |a rleighto 
260 |a París  |b Librería de Garnier  |c 1871 
650 0 |a Poesías españolas  |9 265100 
583 |a last modification  |c 19970117 00:00:00  |k Rodrigo Vera 
999 |c 255985  |d 255983 
952 |0 0  |1 0  |4 0  |6 861_000000000000000_ESP_1871  |7 0  |8 A  |9 278493  |a BIBEDU  |b BIBEDU  |d 2019-11-19  |i 3283399  |l 2  |o 861 ESP 1871  |p 3283399  |r 2024-10-07  |s 2024-10-07  |w 2019-11-19  |y BK  |k LIT